00990nam a22001935i 4500001000700000003000900007005001700016008004100033040003000074100006300104245024200167260009200409300002700501651003100528700005500559852003700614999001900651952012600670160160ES-MaACL20251001202757.0991006s1848 fr |||| | fre d aCCPB | B bspa cCCPB | B1 aMoreau de Jonnès, Alexandre César, d1808-1878915732613aLa Prusse, son progrès politique et social b: suivi d'un exposé économique et statistique des réformes opérés depuis 1806 jusqu'a l'époque actuelle /cpar A. Moreau de Jonnès fils ; traduit de l'allemand de M. Dieterici. aParis : bGuillaumin et Cie., Libraires, c1848 (eCorbeil : fimprimerie de Crété) aXVI, 454 p. ; c22 cm. 4aPrusia-xHistoria.91373241 aDieterici, Friedrich Heinrich, d1821-19039157324 aES-MaACLjG-10832 z-- Enc. hol. c160160d160160 001040708LIBXIXaATENEOMbATENEOMcSPP3d2008-01-17eSSCl0oG-10832p1167678r2023-02-23 00:00:00w2023-02-23yMONANT